00389nam a2200157Ia 4500003000400000008004100004040001600045082001700061100001900078245005700097260003500154300001000189650001000199650001200209650001000221GCL140319s9999 xx 000 0 eng d aGCL / cGCL04a794.735bE E1 aEVERTON, CLIVE10aTHE EMBASSY BOOK OF WORLD SNOOKER / cEVERTON, CLIVE a[S.N] : bBLOOMSBURY ، c1993 a192 P04aGAMES04aSNOOKER04aSNOOK